Online Catalogue and eLibrary

Sri Lankawe natya ha ranga kalawa (Record no. 5132)

MARC details
000 -LEADER
fixed length control field 00425nam a2200157Ia 4500
005 - DATE AND TIME OF LATEST TRANSACTION
control field 20250702021544.0
008 - FIXED-LENGTH DATA ELEMENTS--GENERAL INFORMATION
fixed length control field 240331s9999 xx 000 0 und d
020 ## - INTERNATIONAL STANDARD BOOK NUMBER
ISBN 9555840954
082 ## - DDC Classification
Item Number - Author Mark ABE
Class No. 398
100 ## - MAIN ENTRY--PERSONAL NAME
Personal name Abepala,R
245 #0 - TITLE STATEMENT
Title Sri Lankawe natya ha ranga kalawa
260 ## - PUBLICATION, DISTRIBUTION, ETC.
Place of publication, distribution, etc. Kotittawa
Name of publisher, distributor, etc. Sara Printing and Publication
Date of publication, distribution, etc. 1994
300 ## - PHYSICAL DESCRIPTION
Extent (e.g. Volumes, Pages etc.) 127 p .,
500 ## - GENERAL NOTE
General note Drama and performing arts in Sri Lanka
942 ## - Koha item type (Biblio)
Koha item type Books in Stacks (Lending)
Holdings
Lost status Damaged status Collection code Home library Current library Shelving location Date acquired Full call number Accession Number Item type
    Lending WERC Library WERC Library Social Science Cupboard 03/31/2024 398 ABE 3829 Books in Stacks (Lending)

© WERC Library